[Event "Indywidualne Mistrzostwa Polski do lat 20"]
[Site "Osrodek „SUDETY”, Pokrzywna 75"]
[Date "1899-12-30"]
[Round "3.22"]
[White "Karut, Kacper"]
[Black "Trybus, Daniel"]
[Result "0-1"]
[WhiteTitle "I"]
[BlackTitle "k"]
[WhiteElo "1826"]
[BlackElo "2067"]

1. e4 c5 2. Nf3 d6 3. d4 cxd4 4. Nxd4 Nf6 5. Nc3 a6 6. Be3 e6 7. a4 Be7 8. Be2
Qc7 9. O-O Nc6 10. f4 Bd7 11. Nb3 O-O 12. Kh1 b6 13. Bf3 Bc8 14. g4 Bb7 15. g5
Nd7 16. Bg2 Nb4 17. Rc1 Rad8 18. Qh5 g6 19. Qh6 Rfe8 20. Rf3 Bf8 21. Qh4 Be7 22.
Qh6 Bf8 23. Qh4 Bg7 24. Rh3 Nf8 25. f5 exf5 26. exf5 Bxg2+ 27. Kxg2 Bxc3 28. bxc3
Nd5 29. Bd4 Re2+ 30. Kf1 Qc4 31. Qh6 Re5+ 32. Kg1 Nf4 33. Bxe5 Nxh3+ 34. Qxh3
dxe5 35. Re1 Qf4 36. Qg3 Qxf5 37. Qxe5 Qxc2 38. Nd4 Qxc3 39. Re4 Qa1+ 40. Kf2
Qxa4 41. Qf6 Qa2+ 42. Kg3 Qa3+ 43. Kg4 Qd6 44. Nc6 h5+ 45. Kf3 Qxf6+ 46. gxf6
Rd6 47. Ne7+ Kh7 48. Rf4 Nd7 0-1

[Event "Indywidualne Mistrzostwa Polski do lat 20"]
[Site "Osrodek „SUDETY”, Pokrzywna 75"]
[Date "1899-12-30"]
[Round "3.23"]
[White "Paprocki, Antoni"]
[Black "Bujalski, Mateusz"]
[Result "1/2-1/2"]
[WhiteTitle "I++"]
[BlackTitle "I"]
[WhiteElo "1889"]
[BlackElo "1802"]

1. e4 e5 2. Nf3 Nc6 3. Bc4 Bc5 4. c3 Nf6 5. d3 O-O 6. Bg5 d6 7. Nbd2 h6 8. Bh4
Bg4 9. h3 Be6 10. b4 Bb6 11. a4 a6 12. Qb3 Bxc4 13. Nxc4 g5 14. Nxb6 cxb6 15.
Bg3 Nh5 16. O-O Kg7 17. d4 Qe7 18. dxe5 dxe5 19. b5 Nxg3 20. fxg3 Qc5+ 21. Kh2
Ne7 22. Rab1 a5 23. Rbd1 Rac8 24. Rd3 Rc7 25. Ne1 f5 26. exf5 Rxf5 27. Rxf5 Nxf5
28. Qe6 Ne3 29. Rd7+ Rxd7 30. Qxd7+ Kf6 31. Qd8+ Ke6 32. Qe8+ Kf6 33. Qd8+ Ke6
34. Qd3 Kf6 35. Nf3 e4 36. Qd8+ Kg7 37. Nd4 Nf1+ 38. Kg1 Nxg3 39. Qd7+ Kf6 40.
Qe6+ Kg7 41. Qg4 Qxc3 42. Qd7+ Kg6 43. Qe6+ Kh5 44. Qe8+ Kh4 45. Nf5+ Nxf5 46.
Qxe4+ Kh5 47. Qe8+ Kh4 48. Qe4+ Kh5 49. g4+ Kh4 1/2-1/2

[Event "Indywidualne Mistrzostwa Polski do lat 20"]
[Site "Osrodek „SUDETY”, Pokrzywna 75"]
[Date "1899-12-30"]
[Round "3.24"]
[White "Kocierz, Pawel"]
[Black "Maciejewski, Kamil"]
[Result "0-1"]
[WhiteTitle "I"]
[BlackTitle "I++"]
[WhiteElo "1774"]
[BlackElo "1884"]

1. c4 e5 2. g3 Nc6 3. Bg2 d6 4. Nc3 Be6 5. b3 Qd7 6. Bb2 g6 7. Nd5 Bg7 8. Nf3 h6
9. O-O Nge7 10. Nxe7 Qxe7 11. d4 e4 12. Nd2 Nxd4 13. Nxe4 Nf3+ 14. Bxf3 Bxb2 15.
Rb1 Bg7 16. Qd2 O-O 17. Nc3 c6 18. Rfd1 Rad8 19. Rbc1 Kh7 20. Qe3 a6 21. Qb6 Rd7
22. Rd3 f5 23. Rcd1 Rfd8 24. Qb4 Be5 25. Na4 Qf6 26. Nb6 Rf7 27. e3 g5 28. Bh5
Rg7 29. Bf3 f4 30. Qd2 fxg3 31. Be4+ Kh8 32. fxg3 Rf8 33. Bg2 Rgf7 34. Rf1 Qg6
35. Rxf7 Rxf7 36. e4 c5 37. Nd5 Bxd5 38. exd5 Bd4+ 39. Kh1 Rf2 40. Qd1 Rxa2 41.
Bf1 g4 42. Rxd4 cxd4 43. Qxd4+ Qg7 44. Qf4 Ra1 45. b4 Kg8 46. c5 Qg5 47. Qxg5+
hxg5 48. Kg2 Ra2+ 49. Kg1 dxc5 50. bxc5 Rc2 51. d6 Kf8 52. Bg2 Rxg2+ 53. Kxg2
a5 0-1

[Event "Indywidualne Mistrzostwa Polski do lat 20"]
[Site "Osrodek „SUDETY”, Pokrzywna 75"]
[Date "1899-12-30"]
[Round "3.25"]
[White "Lechowski, Witold"]
[Black "Bojczewski, Mateusz"]
[Result "0-1"]
[WhiteTitle "II"]
[BlackTitle "I+"]
[WhiteElo "1701"]
[BlackElo "1868"]

1. e4 c6 2. d4 d5 3. Nc3 dxe4 4. Nxe4 Nd7 5. Ng5 Ngf6 6. Bd3 e6 7. N1f3 Bd6 8.
Qe2 h6 9. Ne4 Nxe4 10. Qxe4 Nf6 11. Qe2 b6 12. Ne5 Bb7 13. f4 Qc7 14. Bd2 c5 15.
dxc5 Qxc5 16. O-O-O Rc8 17. Kb1 O-O 18. Rhf1 Rfd8 19. g4 Nd7 20. Nxd7 Rxd7 21.
g5 hxg5 22. fxg5 Qe5 23. Qh5 Qxh2 24. Qg4 Be5 25. Bc1 Rd4 26. Qg1 Qxg1 27. Rxg1
Rcd8 28. Bd2 Bf3 29. Rde1 Bh2 30. g6 Bxg1 31. gxf7+ Kxf7 32. Rxg1 Rh8 33. Be3
Rg4 34. Rc1 Rh1 35. Bf1 Bg2 36. Bd3 Rxc1+ 37. Kxc1 Be4 38. Bc4 Bxc2 39. Bxe6+
Kxe6 40. Kxc2 g5 41. Kd3 Rg2 42. Bd4 g4 43. Ke4 g3 44. Kf3 Rd2 45. Be3 g2 46.
Bf2 Rxb2 47. Kxg2 Rxa2 48. Kf3 Rxf2+ 49. Kxf2 a5 50. Ke2 a4 51. Kd3 Kd5 52. Kc2
Kc4 53. Kb2 b5 54. Ka2 b4 55. Kb1 Kb3 56. Ka1 Kc2 0-1

[Event "Indywidualne Mistrzostwa Polski do lat 20"]
[Site "Osrodek „SUDETY”, Pokrzywna 75"]
[Date "1899-12-30"]
[Round "4.1"]
[White "Pacan-milej, Kosma"]
[Black "Psyk, Radoslaw"]
[Result "1/2-1/2"]
[WhiteTitle "FM"]
[BlackTitle "k++"]
[WhiteElo "2401"]
[BlackElo "2412"]

1. d4 Nf6 2. c4 e5 3. dxe5 Ng4 4. Bf4 Nc6 5. Nf3 Bb4+ 6. Nbd2 Qe7 7. e3 Ngxe5 8.
Nxe5 Nxe5 9. Be2 d6 10. O-O a5 11. Nb3 a4 12. a3 Bc3 13. Qc2 Bxb2 14. Qxb2 axb3
15. c5 Be6 16. cxd6 cxd6 17. Bb5+ Kf8 18. Bxe5 dxe5 19. Rfc1 g6 20. Qxe5 f6 21.
Qb2 Qf7 22. Rc7 Qxc7 23. Qxf6+ Kg8 24. Qxe6+ Qf7 25. Qg4 h5 26. Qb4 Kh7 27. Rb1
Rac8 28. Rxb3 Rc1+ 29. Bf1 Rd8 30. Rb1 Rdd1 31. Rxc1 Rxc1 32. f3 Qc7 33. Kf2 Rc2+
34. Be2 b6 35. a4 Rc5 36. Qe4 Re5 37. Qf4 Qc5 38. Qf7+ Kh6 39. Qf4+ Kg7 40. h4
Qc3 41. Bc4 1/2-1/2

[Event "Indywidualne Mistrzostwa Polski do lat 20"]
[Site "Osrodek „SUDETY”, Pokrzywna 75"]
[Date "1899-12-30"]
[Round "4.2"]
[White "Koziorowicz, Michal"]
[Black "Kosakowski, Jakub"]
[Result "1/2-1/2"]
[WhiteTitle "k+"]
[BlackTitle "IM"]
[WhiteElo "2309"]
[BlackElo "2437"]

1. e4 c5 2. Nf3 d6 3. Bb5+ Nd7 4. d4 cxd4 5. Qxd4 a6 6. Bxd7+ Bxd7 7. Nc3 Nf6 8.
Bg5 h6 9. Bxf6 gxf6 10. Nd5 Rc8 11. O-O-O Rg8 12. Nh4 Qa5 13. Kb1 Qc5 14. Qxc5
Rxc5 15. g3 Bc6 16. f4 Bxd5 17. Rxd5 Rc4 18. Re1 e6 19. b3 Rc6 20. c4 Kd7 21.
Rd3 Be7 22. Nf3 Rc5 23. Nd2 Kc7 24. Rd1 Rd8 25. Kb2 f5 26. e5 dxe5 27. Rxd8 Bxd8
28. b4 Rc6 29. fxe5 f6 30. c5 a5 31. a3 axb4 32. axb4 fxe5 33. Nc4 Be7 34. Kb3
Bxc5 35. bxc5 Rxc5 36. Kb4 b6 37. Nd6 Kc6 38. Nf7 Rb5+ 39. Kc4 Rc5+ 40. Kb4 Rb5+
41. Kc4 1/2-1/2

[Event "Indywidualne Mistrzostwa Polski do lat 20"]
[Site "Osrodek „SUDETY”, Pokrzywna 75"]
[Date "1899-12-30"]
[Round "4.3"]
[White "Mis, Mieszko"]
[Black "Kozak, Antoni"]
[Result "1/2-1/2"]
[WhiteTitle "FM"]
[BlackTitle "m"]
[WhiteElo "2417"]
[BlackElo "2356"]

1. d4 d5 2. c4 e6 3. Nf3 Nf6 4. g3 dxc4 5. Bg2 Bb4+ 6. Bd2 a5 7. Qc2 Bxd2+ 8. Qxd2
c6 9. a4 Ne4 10. Qf4 Qb6 11. O-O Qxb2 12. Ne5 O-O 13. Na3 Nc3 14. Qe3 Nxe2+ 15.
Kh1 Nc3 16. Naxc4 Qb4 17. Rfc1 Nd5 18. Bxd5 exd5 19. Nd3 Qxc4 20. Rxc4 dxc4 21.
Nf4 Nd7 22. Nh5 Nf6 23. Nxf6+ gxf6 24. Qh6 Be6 25. h4 Bd5+ 26. Kh2 Rfe8 27. Qxf6
Re6 28. Qg5+ Kf8 29. Rb1 Rae8 30. Qf5 Kg7 31. Rxb7 Re1 32. Rb1 c3 33. Rxe1 Rxe1
34. g4 Re2 35. Qg5+ Kf8 36. Qd8+ Kg7 37. Qg5+ 1/2-1/2

[Event "Indywidualne Mistrzostwa Polski do lat 20"]
[Site "Osrodek „SUDETY”, Pokrzywna 75"]
[Date "1899-12-30"]
[Round "4.4"]
[White "Luczak, Filip"]
[Black "Fus, Jakub"]
[Result "1-0"]
[WhiteTitle "FM"]
[BlackTitle "FM"]
[WhiteElo "2273"]
[BlackElo "2384"]

1. Nf3 d5 2. c4 d4 3. b4 g6 4. g3 Bg7 5. d3 e5 6. Nbd2 Ne7 7. Bg2 O-O 8. a4 a5
9. b5 c5 10. Ba3 Nd7 11. Nb3 Qc7 12. Ng5 Rb8 13. b6 Qxb6 14. Ne4 Nc6 15. Nbxc5
Nb4 16. Nxd7 Bxd7 17. O-O f5 18. c5 Qe6 19. Bxb4 axb4 20. Nd2 Rfc8 21. Rb1 Bf8
22. Rxb4 b5 23. axb5 Bxc5 24. Rb3 Rxb5 25. Rxb5 Bxb5 26. Qb1 Bc6 27. Bxc6 Rxc6
28. Rc1 Bf8 29. Rxc6 Qxc6 30. Qa2+ Kg7 31. Nf3 Qd6 32. Qa5 Kf6 33. h4 h6 34. Qa8
Bg7 35. h5 gxh5 36. Qe8 Qe7 37. Qxh5 Qf7 38. Qh4+ Kg6 39. Qd8 Bf6 40. Qd6 Qe7
41. Qxe7 Bxe7 42. Nxe5+ Kf6 43. Nf3 Bc5 44. Kg2 Bb6 45. Kh3 Ba7 46. Kh4 Kg6 47.
Ne5+ Kf6 48. f4 Kg7 49. Kh5 Bc5 50. Nf3 Bb6 51. Nh4 Kf6 52. Kxh6 Ba5 53. Nf3 Bc3
54. Kh5 Bb2 55. g4 fxg4 56. Kxg4 1-0

[Event "Indywidualne Mistrzostwa Polski do lat 20"]
[Site "Osrodek „SUDETY”, Pokrzywna 75"]
[Date "1899-12-30"]
[Round "4.5"]
[White "Kacprzak, Karol"]
[Black "Niedbala, Bartlomiej"]
[Result "0-1"]
[WhiteTitle "k"]
[BlackTitle "FM"]
[WhiteElo "2226"]
[BlackElo "2385"]

1. e4 c5 2. Nf3 d6 3. d4 cxd4 4. Nxd4 Nf6 5. Nc3 a6 6. Nb3 g6 7. Be2 Bg7 8. Be3
Nc6 9. g4 b5 10. g5 Nh5 11. Nd5 Rb8 12. Nd4 Bd7 13. Bxh5 gxh5 14. Nxc6 Bxc6 15.
Bd4 Bxd4 16. Qxd4 e5 17. Qd2 Bxd5 18. exd5 Rc8 19. O-O-O Rc4 20. h4 O-O 21. Qe2
Rxh4 22. f4 Rxh1 23. Rxh1 Qd7 24. fxe5 dxe5 25. Qxe5 Re8 26. Qd4 Qd6 27. Rd1 Re5
28. Qf4 h4 29. Kb1 Re1 30. Qd2 Rxd1+ 31. Qxd1 h3 32. a3 h2 33. Qf3 Qc5 34. Ka2
Qc4+ 35. Kb1 Qh4 36. Qh1 Qg3 37. Qe4 Qg1+ 38. Ka2 h1=Q 39. Qe8+ Kg7 40. Qe5+ Kg6
41. Qf6+ Kh5 42. Qxf7+ Kg4 43. Qe6+ Kh4 44. Qh6+ Kg3 45. Qd6+ Kg2 0-1

[Event "Indywidualne Mistrzostwa Polski do lat 20"]
[Site "Osrodek „SUDETY”, Pokrzywna 75"]
[Date "1899-12-30"]
[Round "4.6"]
[White "Fiedorek, Michal"]
[Black "Janeczko, Jakub"]
[Result "1-0"]
[WhiteTitle "FM"]
[BlackTitle "I++"]
[WhiteElo "2337"]
[BlackElo "2091"]

1. Nf3 c5 2. c4 g6 3. e4 Bg7 4. d4 cxd4 5. Nxd4 Nc6 6. Be3 Nf6 7. Nc3 Nxd4 8. Bxd4
d6 9. Be2 O-O 10. O-O Qa5 11. Rb1 Be6 12. f4 Rfc8 13. b3 a6 14. Na4 Rab8 15. Nb6
Nxe4 16. Nxc8 Rxc8 17. Bxg7 Kxg7 18. Qd4+ Nf6 19. Rb2 Kg8 20. b4 Qc7 21. Rc2 Bf5
22. Rcc1 e5 23. fxe5 dxe5 24. Qe3 Qe7 25. Qg5 h6 26. Qxh6 Qxb4 27. Rxf5 Qb6+ 28.
Rf2 Ne4 29. Qh4 f5 30. Rcf1 Qe3 31. Qh3 Qxh3 32. gxh3 Nxf2 33. Kxf2 Rc5 34. Rd1
Ra5 35. Rd5 Rxa2 36. Rxe5 Kf7 37. h4 Kf6 38. Re8 b5 39. c5 Rc2 40. Ra8 Rxc5 41.
Rxa6+ Kg7 42. Rb6 Rc3 43. Bf3 Rc4 44. Kg3 b4 45. Rb5 Kf6 46. h3 Rd4 47. h5 gxh5
48. Bxh5 f4+ 49. Kf2 Rd2+ 50. Be2 Rd4 51. Kf3 Kg6 52. Kg4 Re4 1-0

[Event "Indywidualne Mistrzostwa Polski do lat 20"]
[Site "Osrodek „SUDETY”, Pokrzywna 75"]
[Date "1899-12-30"]
[Round "4.7"]
[White "Sowinski, Pawel"]
[Black "Chylewski, Patryk"]
[Result "1-0"]
[WhiteTitle "I++"]
[BlackTitle "FM"]
[WhiteElo "2075"]
[BlackElo "2303"]

1. Nf3 d5 2. c4 d4 3. g3 g6 4. d3 Bg7 5. Bg2 c5 6. O-O Nc6 7. a3 a5 8. e3 Nf6 9.
exd4 cxd4 10. Re1 O-O 11. Nbd2 Re8 12. Qc2 e5 13. h3 Nd7 14. Ne4 Qc7 15. c5 Bf8
16. Bd2 a4 17. Rac1 f5 18. Nfg5 Kg7 19. Qc4 Nd8 20. Nd6 Bxd6 21. cxd6 Qxd6 22.
f4 Qf6 23. fxe5 Rxe5 24. Bf4 Rc5 25. Qxc5 Nxc5 26. Rxc5 Nc6 27. Rxc6 bxc6 28.
Be5 Qxe5 29. Rxe5 Kf6 30. Nf3 Rb8 31. Re8 c5 32. Ne1 Kf7 33. Rh8 Ke6 34. Bc6 Kd6
35. Bxa4 h5 36. h4 Kc7 37. Rh7+ Kd8 38. b4 cxb4 39. axb4 Rxb4 40. Bc2 Bb7 41.
Rg7 Rb6 42. Kf2 Bg2 1-0

[Event "Indywidualne Mistrzostwa Polski do lat 20"]
[Site "Osrodek „SUDETY”, Pokrzywna 75"]
[Date "1899-12-30"]
[Round "4.8"]
[White "Panek, Bartosz"]
[Black "Sernecki, Franciszek"]
[Result "0-1"]
[WhiteTitle "I++"]
[BlackTitle "FM"]
[WhiteElo "2073"]
[BlackElo "2220"]

1. e4 c6 2. Nc3 d5 3. Nf3 Bg4 4. Be2 e6 5. O-O Nf6 6. e5 Nfd7 7. d4 Be7 8. Ne1
Bxe2 9. Nxe2 c5 10. c3 Nc6 11. f4 Qb6 12. Kh1 f5 13. Nf3 cxd4 14. Nfxd4 Nxd4 15.
cxd4 O-O 16. Rf3 Rac8 17. Rb3 Qa6 18. Bd2 Rc4 19. Rh3 Rfc8 20. b3 R4c7 21. a4
Nf8 22. Nc3 Qb6 23. Nb5 Rc6 24. Qe1 a6 25. Nd6 Bxd6 26. exd6 Qxd4 27. Rd1 Qb2
28. Rg3 d4 29. h4 Kf7 30. h5 Nd7 31. Kh2 Qc2 32. Bb4 a5 33. Ba3 Rc3 34. Rxd4 Qxb3
35. Rxc3 Qxc3 36. Qxc3 Rxc3 37. Bb2 Rc2 38. Ba3 Rc3 39. Bb2 Rc2 40. Ba1 b6 41.
Rd3 Rc5 42. Rg3 Nf6 43. Rb3 Rc6 44. Be5 Nxh5 45. Rxb6 Rxb6 46. d7 Ke7 47. Bc7
Kxd7 48. Bxb6 Nxf4 49. Bxa5 Nd5 50. Kg3 Kc6 51. Be1 e5 52. Kh4 h6 53. g4 Ne3 54.
Bb4 Nxg4 55. Bf8 g5+ 56. Kg3 Kb6 57. Bb4 Nf6 58. Bf8 h5 59. Bh6 Ka5 60. Kg2 Nh7
0-1

[Event "Indywidualne Mistrzostwa Polski do lat 20"]
[Site "Osrodek „SUDETY”, Pokrzywna 75"]
[Date "1899-12-30"]
[Round "4.9"]
[White "Mulawa, Cyprian"]
[Black "Malek, Jan"]
[Result "1-0"]
[WhiteTitle "I"]
[BlackTitle "I++"]
[WhiteElo "2010"]
[BlackElo "2149"]

1. e4 c5 2. Nf3 Nc6 3. Bb5 e6 4. O-O Nge7 5. Re1 a6 6. Bxc6 Nxc6 7. d4 cxd4 8.
Nxd4 d6 9. b3 Nxd4 10. Qxd4 Be7 11. Qd2 Bf6 12. c3 a5 13. a4 O-O 14. Na3 d5 15.
e5 Be7 16. Nb5 Bd7 17. Nd4 Qc7 18. Ba3 Bxa3 19. Rxa3 Rfc8 20. Re3 b5 21. axb5
Qc5 22. Ra1 Bxb5 23. Rg3 Bd7 24. Qg5 Qf8 25. h4 Kh8 26. h5 h6 27. Qg4 Rc7 28.
Re1 a4 29. bxa4 Rxa4 30. f4 Rb7 31. Kh2 Rb2 32. Rf1 Bb5 33. Nxb5 Rxb5 34. Qf3
Qb8 35. Qg4 Qf8 36. Qf3 Rb3 37. Qd1 Qb8 38. Qg4 Qf8 39. Qd1 Rba3 40. Qf3 Rc4 41.
f5 Rcxc3 42. Qxc3 Rxc3 43. Rxc3 Qb4 44. fxe6 fxe6 45. Rc8+ Kh7 46. Kh3 Qc3+ 47.
Rxc3 1-0

[Event "Indywidualne Mistrzostwa Polski do lat 20"]
[Site "Osrodek „SUDETY”, Pokrzywna 75"]
[Date "1899-12-30"]
[Round "4.10"]
[White "Sidorczuk, Pawel"]
[Black "Dalkowski, Rafal"]
[Result "0-1"]
[WhiteTitle "I+"]
[BlackTitle "k"]
[WhiteElo "1887"]
[BlackElo "2126"]

1. e4 c5 2. Nf3 g6 3. d4 cxd4 4. Nxd4 Nc6 5. c4 Nf6 6. Nc3 Nxd4 7. Qxd4 d6 8. f3
Bg7 9. Be3 O-O 10. Qd2 Be6 11. Rc1 Qa5 12. Nd5 Qxa2 13. Nxe7+ Kh8 14. Bd3 Rfe8
15. Nd5 Nxd5 16. cxd5 Bxd5 17. exd5 Bd4 18. Be4 Bxe3 19. Qxe3 Qxb2 20. Qd2 Qb6
21. Kf1 f5 22. Bc2 Rac8 23. h4 Qb5+ 24. Kf2 Rc4 25. Bb1 Rb4 26. Bd3 Qb6+ 27. Kg3
Qd4 28. Qc3 Kg7 29. Rhd1 Kf6 30. Bf1 Qxc3 31. Rxc3 f4+ 32. Kg4 h5+ 33. Kh3 a5
34. Rc4 Rxc4 35. Bxc4 Re3 36. Kh2 a4 37. Bd3 a3 38. Kg1 g5 39. hxg5+ Kxg5 40.
Kf2 a2 41. Be2 Rb3 42. Ra1 Rb2 43. g3 b5 0-1

[Event "Indywidualne Mistrzostwa Polski do lat 20"]
[Site "Osrodek „SUDETY”, Pokrzywna 75"]
[Date "1899-12-30"]
[Round "4.11"]
[White "Krawczyk, Flawian"]
[Black "Zalega, Maciej"]
[Result "1/2-1/2"]
[WhiteTitle "I++"]
[BlackTitle "I"]
[WhiteElo "2114"]
[BlackElo "1985"]

1. e4 c5 2. Nf3 Nc6 3. d4 cxd4 4. Nxd4 Nf6 5. Nc3 d6 6. Bc4 e6 7. Be3 Be7 8. Qe2
a6 9. Bb3 Nxd4 10. Bxd4 b5 11. O-O-O Bb7 12. a3 O-O 13. f4 Qc7 14. f5 exf5 15.
exf5 Rfe8 16. h4 h5 17. Bxf6 Bxf6 18. Qxh5 Bxc3 19. bxc3 d5 20. Rh3 a5 21. Qg5
f6 22. Qg6 b4 23. a4 bxc3 24. Kb1 Rab8 25. Ka2 Re4 26. Qg3 Qxg3 27. Rxg3 Rc8 28.
Rxd5 Rxa4+ 29. Bxa4 Bxd5+ 30. Bb3 Rc5 31. Rf3 Kh7 32. Bxd5 Rxd5 33. Kb3 Rc5 34.
Rf4 Re5 35. Kxc3 Re3+ 36. Kc4 Rg3 37. Kb5 Rxg2 38. c4 g5 39. fxg6+ Kxg6 40. c5
Kf7 41. Kb6 Ke7 42. Kc7 Rb2 43. Re4+ Kf7 44. h5 Rb4 45. Re2 a4 46. Re3 Rh4 47.
c6 Rxh5 48. Kb6 Rh1 49. Rc3 a3 50. Rxa3 Rb1+ 51. Kc7 Ke6 52. Re3+ Kf5 53. Rc3
Ke6 54. Kc8 Kd5 55. c7 Rh1 56. Kb7 Rh8 57. Kb6 Rc8 58. Kb7 Rh8 59. Kb6 Rc8 60.
Rd3+ Ke4 61. Rd8 Rxc7 62. Kxc7 f5 63. Kd6 f4 64. Re8+ Kd3 65. Rf8 1/2-1/2

[Event "Indywidualne Mistrzostwa Polski do lat 20"]
[Site "Osrodek „SUDETY”, Pokrzywna 75"]
[Date "1899-12-30"]
[Round "4.12"]
[White "Warchol, Kamil"]
[Black "Redzisz, Michal"]
[Result "1/2-1/2"]
[WhiteTitle "CM"]
[BlackTitle "FM"]
[WhiteElo "1956"]
[BlackElo "2261"]

1. e4 c6 2. c4 d5 3. exd5 cxd5 4. cxd5 Nf6 5. Nc3 g6 6. Nf3 Bg7 7. Bb5+ Nbd7 8.
O-O O-O 9. Bxd7 Qxd7 10. Ne5 Qd6 11. Nc4 Qc5 12. Ne3 b5 13. b4 Qb6 14. a4 Bd7
15. axb5 Bxb5 16. Re1 Rfc8 17. Rb1 Bd3 18. Rb3 Bc4 19. Ra3 Qd6 20. Nxc4 Rxc4 21.
Qe2 Rcc8 22. b5 Nxd5 23. Ra6 Qd7 24. Nxd5 Qxd5 25. Qxe7 Bf8 26. Qf6 Qe4 27. Rf1
Bg7 28. Qg5 Qc4 29. d3 Qxd3 30. Be3 h6 31. Qg4 Qxb5 1/2-1/2

[Event "Indywidualne Mistrzostwa Polski do lat 20"]
[Site "Osrodek „SUDETY”, Pokrzywna 75"]
[Date "1899-12-30"]
[Round "4.13"]
[White "Kacprzak, Kacper"]
[Black "Bartoszczuk, Adam"]
[Result "1/2-1/2"]
[WhiteTitle "k"]
[BlackTitle "I"]
[WhiteElo "2219"]
[BlackElo "1380"]

1. e4 c5 2. Nf3 d6 3. d4 cxd4 4. Nxd4 Nf6 5. Nc3 a6 6. Be3 e5 7. Nb3 Be7 8. h3
Be6 9. f4 exf4 10. Bxf4 Nc6 11. Qe2 Ne5 12. O-O-O Nfd7 13. Kb1 Rc8 14. Qe3 O-O
15. g4 h6 16. Be2 Re8 17. Rhg1 b5 18. Nd4 Qa5 19. Nd5 Bxd5 20. exd5 Bf6 21. Qd2
Qxd2 22. Rxd2 Nc4 23. Bxc4 Rxc4 24. c3 Nc5 25. Rdd1 Nb7 26. g5 hxg5 27. Bxg5 Bxd4
28. cxd4 Re2 29. Bc1 Na5 30. Rd2 Re4 1/2-1/2

[Event "Indywidualne Mistrzostwa Polski do lat 20"]
[Site "Osrodek „SUDETY”, Pokrzywna 75"]
[Date "1899-12-30"]
[Round "4.15"]
[White "Kazmierowski, Tymon"]
[Black "Raczek, Krzysztof"]
[Result "1/2-1/2"]
[WhiteTitle "I++"]
[BlackTitle "I++"]
[WhiteElo "2077"]
[BlackElo "2029"]

1. d4 Nf6 2. c4 g6 3. Nc3 Bg7 4. e4 O-O 5. Nf3 d6 6. Be2 e5 7. O-O Nc6 8. dxe5
dxe5 9. Bg5 Qxd1 10. Rfxd1 Bg4 11. h3 Bxf3 12. Bxf3 Nd4 13. Nd5 Nxd5 14. cxd5
h6 15. Be7 Rfe8 16. Bc5 c6 17. Bxd4 exd4 18. Rac1 cxd5 19. exd5 Rac8 20. Kf1 h5
21. Be2 Kf8 22. Bf3 Ke7 23. Ke2 Kd6+ 24. Kd3 Bf6 25. Be4 Bg7 26. Bf3 Bf6 27. Be4
Bg7 28. Bf3 Bf6 29. Be4 Bg7 30. Bf3 Bf6 31. Ke4 1/2-1/2

[Event "Indywidualne Mistrzostwa Polski do lat 20"]
[Site "Osrodek „SUDETY”, Pokrzywna 75"]
[Date "1899-12-30"]
[Round "4.16"]
[White "Radzimski, Antoni"]
[Black "Leskiewicz, Ignacy"]
[Result "0-1"]
[WhiteTitle "I"]
[BlackTitle "k"]
[WhiteElo "1613"]
[BlackElo "2177"]

1. e4 d6 2. d4 Nf6 3. Nc3 g6 4. f4 Bg7 5. Nf3 O-O 6. a3 c6 7. Be2 Nbd7 8. O-O e5
9. f5 exd4 10. Nxd4 Re8 11. Bc4 d5 12. exd5 Nb6 13. Bb3 c5 14. Nde2 c4 15. Ba2
Bxf5 16. Bg5 Qd6 17. Ng3 Bg4 18. Qd2 Nfxd5 19. Nxd5 Nxd5 20. Qf2 Qb6 21. Qxb6
Nxb6 22. c3 Be2 23. Rf2 Bd3 24. Rd1 h6 25. Bf6 Bxf6 26. Rxf6 Kg7 27. Rf2 f5 28.
Bb1 Bxb1 29. Rxb1 Rad8 30. Ne2 Rd3 31. Nf4 Rd7 32. g3 Na4 33. Ne2 Nc5 34. Nd4
a6 35. Rd1 b5 36. Rfd2 Kf6 37. h3 Re3 38. Kg2 Ne4 39. Rc2 Rxg3+ 40. Kh2 h5 41.
Re2 h4 42. Rf1 Ng5 43. Nc6 Rdd3 0-1

[Event "Indywidualne Mistrzostwa Polski do lat 20"]
[Site "Osrodek „SUDETY”, Pokrzywna 75"]
[Date "1899-12-30"]
[Round "4.17"]
[White "Jarzebowski, Kacper"]
[Black "Kutowski, Marcel"]
[Result "1-0"]
[WhiteTitle "k+"]
[BlackTitle "I+"]
[WhiteElo "2148"]
[BlackElo "1894"]

1. Nf3 d5 2. g3 c5 3. Bg2 Nf6 4. O-O Nc6 5. d3 e5 6. e4 d4 7. a4 h6 8. Na3 Be6
9. Nc4 Nd7 10. Nh4 a6 11. Nf5 Qc7 12. f4 Rb8 13. Bd2 b5 14. axb5 axb5 15. Na5
Nxa5 16. Bxa5 Qc6 17. Bd2 Rc8 18. Nxg7+ Bxg7 19. f5 Nf6 20. fxe6 Qxe6 21. Rf5
O-O 22. Qf3 Ra8 23. Rf1 Nh7 24. Bh3 Qg6 25. Bg4 Ra7 26. h4 b4 27. Kh2 Qa6 28.
Bh5 Qa2 29. Bc1 f6 30. Bg6 Rc8 31. Rh5 Nf8 32. Qg4 Nxg6 33. Qxc8+ Kh7 34. Qxc5
Qa4 35. Rhf5 Ra6 36. b3 Rc6 37. bxa4 Rxc5 38. R5f2 Ne7 39. h5 Ra5 40. Bb2 Rxa4
41. Ra1 Rxa1 42. Bxa1 Kg8 43. Bb2 Nc6 44. Bc1 Kf7 45. Bd2 Bf8 46. Rf1 Ke6 47.
Kh3 Kf7 48. Kg4 Ke6 49. Ra1 Kf7 50. Ra6 1-0

[Event "Indywidualne Mistrzostwa Polski do lat 20"]
[Site "Osrodek „SUDETY”, Pokrzywna 75"]
[Date "1899-12-30"]
[Round "4.18"]
[White "Rog, Bartlomiej"]
[Black "Maciejewski, Kamil"]
[Result "1-0"]
[WhiteTitle "I++"]
[BlackTitle "I++"]
[WhiteElo "2075"]
[BlackElo "1884"]

1. c4 Nf6 2. Nc3 e6 3. e4 d5 4. cxd5 exd5 5. e5 d4 6. exf6 dxc3 7. Bb5+ c6 8. Qe2+
Be6 9. Bc4 Qxf6 10. dxc3 Be7 11. Bxe6 Qxe6 12. Qxe6 fxe6 13. Bf4 O-O 14. Bg3 Nd7
15. O-O-O Nc5 16. Nf3 Rad8 17. Kc2 Ne4 18. Rde1 Nxg3 19. hxg3 Rd6 20. Re2 Bf6
21. g4 h6 22. Rh5 Rfd8 23. Nd2 Rd5 24. Rh3 Kf7 25. Ne4 b6 26. Rf3 Re8 27. Ng3
Rg5 28. Rf4 Rd5 29. Nh5 Re7 30. Re3 e5 31. Rfe4 Red7 32. Re2 Rd1 33. Rc4 c5 34.
Ng3 Rg1 35. f3 Rd5 36. Nf5 b5 37. Ne3 bxc4 38. Nxd5 Bg5 39. b3 cxb3+ 40. axb3
Ke6 41. c4 Kd6 42. Nc3 a5 43. Kd3 Bf4 44. Ra2 Kc6 45. Rxa5 Rxg2 46. Ne4 Rg1 47.
Ra6+ Kc7 48. Rg6 Re1 49. Nxc5 Re3+ 50. Kc2 Rxf3 51. b4 Be3 52. Rxg7+ Kc8 53. Ne4
Bd4 54. c5 Re3 55. Nd6+ Kd8 56. Nb5 Rg3 57. c6 Bb6 58. Nd6 Rg2+ 59. Kb3 Rg3+ 60.
Ka4 1-0

[Event "Indywidualne Mistrzostwa Polski do lat 20"]
[Site "Osrodek „SUDETY”, Pokrzywna 75"]
[Date "1899-12-30"]
[Round "4.19"]
[White "Trybus, Daniel"]
[Black "Bojczewski, Mateusz"]
[Result "1-0"]
[WhiteTitle "k"]
[BlackTitle "I+"]
[WhiteElo "2067"]
[BlackElo "1868"]

1. e4 e5 2. d4 exd4 3. Qxd4 Nc6 4. Qc4 Nf6 5. Nc3 d6 6. Bg5 Be7 7. O-O-O Be6 8.
Qe2 Nxe4 9. Nxe4 Bxg5+ 10. Kb1 Qe7 11. Qb5 Bxa2+ 12. Kxa2 Qxe4 13. Bd3 Qxg2 14.
Re1+ Kf8 15. Be4 Qg4 16. Nf3 Qe6+ 17. Kb1 Bf6 18. Bf5 a6 19. Qxb7 Rb8 20. Qxb8+
Nxb8 21. Bxe6 fxe6 22. Rxe6 Nc6 23. Re4 Kf7 24. Rc4 Ne5 25. Nxe5+ Bxe5 26. f4
d5 27. Rc5 Bxf4 28. Rxd5 g5 29. h4 Ke6 30. Ra5 g4 31. Re1+ Kd7 32. Re4 Rf8 33.
Raa4 g3 34. Rxf4 g2 35. Rg4 Rf1+ 36. Ka2 g1=Q 37. Rxg1 Rxg1 38. Rxa6 Rg7 39. Kb3
Rf7 40. Rh6 Kc8 41. c4 Kb7 42. Kb4 Re7 43. Kc5 Re5+ 44. Kd4 Re7 45. b4 Rg7 46.
b5 Re7 47. Kd5 Rg7 48. c5 Re7 49. Kd4 Rg7 50. Ke5 Ka7 51. b6+ Kb7 52. bxc7 Rxc7
53. Kd5 Rd7+ 54. Kc4 Rf7 55. Kb5 Re7 56. Rb6+ Kc7 57. Ra6 Kb8 58. Ra4 Re6 59.
Rg4 Rf6 60. Rg8+ Kc7 61. Rg7+ Kc8 62. Rxh7 Re6 63. h5 Rf6 64. h6 Rg6 65. Rh8+
Kb7 66. c6+ Kc7 67. Rh7+ Kd8 68. Kb6 Rg8 69. Rd7+ Kc8 70. h7 1-0

[Event "Indywidualne Mistrzostwa Polski do lat 20"]
[Site "Osrodek „SUDETY”, Pokrzywna 75"]
[Date "1899-12-30"]
[Round "4.20"]
[White "Budzisz, Adrian"]
[Black "Stefaniuk, Zbigniew"]
[Result "1-0"]
[WhiteTitle "I++"]
[BlackTitle "II+"]
[WhiteElo "1985"]
[BlackElo "1601"]

1. d4 Nf6 2. c4 d6 3. Nc3 e5 4. dxe5 dxe5 5. Qxd8+ Kxd8 6. Bg5 c6 7. Nf3 Nbd7 8.
O-O-O Kc7 9. g3 Ng4 10. h3 Nxf2 11. Rxd7+ Bxd7 12. Rh2 Bc5 13. Bd2 f6 14. e3 e4
15. Nd4 Nd3+ 16. Kc2 Rhe8 17. a3 Ne5 18. Rf2 Nd3 19. Rh2 Ne5 20. Rf2 Nd3 21. Re2
Bd6 22. g4 Ne5 23. Rf2 Rad8 24. b4 a5 25. c5 Bf8 26. Na4 axb4 27. axb4 Ra8 28.
Kb3 Be6+ 29. Nxe6+ Rxe6 30. Bc3 Rd8 31. Be2 Nd3 32. Rf1 Ne5 33. Be1 g6 34. Nb6
Bh6 35. Bg3 Bg7 36. Kc2 Bh8 37. Rf4 Bg7 38. Rxe4 Bh8 39. Rd4 Bg7 40. h4 Bh6 41.
g5 fxg5 42. Bg4 Re7 43. Nc4 Bg7 44. hxg5 Ra8 45. Re4 Ra2+ 46. Kc3 Rg2 47. Bxe5+
Bxe5+ 48. Rxe5 Rxe5 49. Nxe5 Rg1 50. Kd4 Rb1 51. Be6 Rxb4+ 52. Nc4 Kd8 53. Ke5
Ke7 54. Nd6 Rb1 55. e4 Rg1 56. Nc8+ Kf8 57. Bd7 Rxg5+ 58. Kd6 h5 59. e5 Kg7 60.
Nb6 h4 61. Bc8 Rh5 62. Bxb7 h3 63. Bxc6 h2 64. e6 h1=Q 65. Bxh1 Rxh1 66. c6 Kf8
67. c7 Rd1+ 68. Nd5 Rc1 69. e7+ Kf7 70. Kd7 1-0